000
00374nam a2200145Ia 4500
008
231129s1986||||xx |||||||||||||| ||spa||
020
_a
958-16-0105-8
040
_b
spa
082
_a
I823 C928g
100
_a
Crichton Michael
245
0
_a
El gran robo del tren
260
_c
1986
264
_a
La Montana Magica
942
_2
ddc
_c
BKS
999
_c
11191
_d
11191